[Event "IECC CL7-2005.12 email"]
[Site "IECC email"]
[Date "2005.08.12"]
[Round "?"]
[White "Alexander, Ross"]
[Black "Pizzoni, Richard"]
[Result "0-1"]
[WhiteElo "1043"]
[BlackElo "1168"]
[PlyCount "64"]
[EventDate "2005.??.??"]
[EventType "tourn (corr)"]
[EventRounds "4"]
[SourceTitle "Corr 2008"]
[Source "ChessBase"]
[SourceDate "2008.06.24"]
[SourceVersion "1"]
[SourceVersionDate "2008.06.24"]
[SourceQuality "1"]

1. e4 c5 2. Bb5 a6 3. Ba4 b5 4. d4 bxa4 5. d5 d6 6. Bg5 Nd7 7. Nf3 Ngf6 8. 0-0 Ne5 9. Nxe5 dxe5 10. Nc3 e6 11. Re1 Be7 12. Nxa4 exd5 13. exd5 Qc7 14. a3 0-0 15. Qf3 Bb7 16. Rxe5 Bd6 17. Rf5 Be5 18. Nc3 Qd6 19. Qg4 Nxg4 20. h3 Bh2+ 21. Kf1 Nf6 22. Rd1 Be5 23. Bxf6 Bxf6 24. b4 Bxc3 25. Rd3 cxb4 26. axb4 Qxb4 27. g4 g6 28. Rff3 Rac8 29. d6 Bxf3 30. Rxf3 Qe4 31. Kg2 Be5 32. d7 Rc3 0-1

[Event "IECC M-5196"]
[Site "IECC email"]
[Date "2005.02.04"]
[Round "?"]
[White "Pizzoni, Richard"]
[Black "Meetze, Bill"]
[Result "0-1"]
[WhiteElo "1248"]
[BlackElo "1362"]
[PlyCount "66"]
[EventDate "2005.??.??"]
[EventType "tourn (corr)"]
[EventRounds "10"]
[SourceTitle "Corr 2020"]
[Source "ChessBase"]
[SourceDate "2019.09.30"]
[SourceVersion "1"]
[SourceVersionDate "2019.09.30"]
[SourceQuality "1"]
[WhiteTeam "United States"]
[BlackTeam "United States"]
[WhiteTeamCountry "USA"]
[BlackTeamCountry "USA"]

1. d4 Nf6 2. c4 d5 3. Nf3 dxc4 4. e3 Bg4 5. Bxc4 e6 6. h3 Bh5 7. Nc3 Bb4 8. Bd2 Nc6 9. a3 Bxc3 10. Bxc3 Ne4 11. Bb5 0-0 12. Qd3 f5 13. g4 Nxf2 14. Kxf2 fxg4 15. hxg4 Bxg4 16. Qxh7+ Kf7 17. Rh6 Bf5 18. Ng5+ Qxg5 19. Rh5 Qf6 20. d5 Bxh7+ 21. Bxf6 Kxf6 22. Rxh7 Kg6+ 23. Kg3 Ne5 24. Rah1 Rf3+ 25. Kg2 exd5 26. R7h3 Rxh3 27. Rxh3 Rf8 28. Be2 Kf5 29. Rh4 g5 30. Ra4 a6 31. Bd1 Nc4 32. e4+ Ke5 33. exd5 Ne3+ 0-1

[Event "IECC M-5161"]
[Site "IECC email"]
[Date "2004.11.21"]
[Round "?"]
[White "Simmons, Ernest"]
[Black "Pizzoni, Richard"]
[Result "1/2-1/2"]
[WhiteElo "1081"]
[BlackElo "1283"]
[PlyCount "54"]
[EventDate "2004.??.??"]
[EventType "tourn (corr)"]
[EventRounds "10"]
[SourceTitle "Corr 2020"]
[Source "ChessBase"]
[SourceDate "2019.09.30"]
[SourceVersion "1"]
[SourceVersionDate "2019.09.30"]
[SourceQuality "1"]
[WhiteTeam "United States"]
[BlackTeam "United States"]
[WhiteTeamCountry "USA"]
[BlackTeamCountry "USA"]

1. d4 d5 2. c4 Nc6 3. e3 e5 4. a3 Nf6 5. Nc3 e4 6. c5 b6 7. Bb5 Bd7 8. Nge2 bxc5 9. dxc5 Bxc5 10. Nxd5 Rb8 11. Nec3 0-0 12. h3 Nxd5 13. Qxd5 Rxb5 14. Nxb5 Bb6 15. 0-0 Be6 16. Qxc6 Bd7 17. Qc4 Be6 18. Qxe4 Bd5 19. Qc2 Qg5 20. e4 Qg6 21. Nc3 Be6 22. Be3 Bxh3 23. f3 Bxe3+ 24. Kh1 Rd8 25. Rfd1 Bxg2+ 26. Qxg2 Qh5+ 27. Qh2 Qxf3+ 1/2-1/2

[Event "IECC M-5020"]
[Site "IECC email"]
[Date "2004.04.23"]
[Round "?"]
[White "Vasquez, Felipe"]
[Black "Pizzoni, Richard"]
[Result "1-0"]
[WhiteElo "1249"]
[BlackElo "1280"]
[PlyCount "42"]
[EventDate "2004.??.??"]
[EventType "tourn (corr)"]
[EventRounds "10"]
[SourceTitle "Corr 2020"]
[Source "ChessBase"]
[SourceDate "2019.09.30"]
[SourceVersion "1"]
[SourceVersionDate "2019.09.30"]
[SourceQuality "1"]
[WhiteTeam "Peru"]
[BlackTeam "United States"]
[WhiteTeamCountry "PER"]
[BlackTeamCountry "USA"]

1. e4 e6 2. d4 d5 3. Nc3 dxe4 4. Nxe4 Nd7 5. Nf3 Ngf6 6. Nxf6+ Nxf6 7. Bd3 c5 8. dxc5 Bxc5 9. Qe2 0-0 10. Bg5 Qa5+ 11. c3 Be7 12. Ne5 Qc7 13. 0-0 Rd8 14. Rad1 h6 15. Bh4 b6 16. Rfe1 Bb7 17. Nxf7 Kf8 18. Qxe6 Qc6 19. Qxe7+ Kg8 20. Nxh6+ gxh6 21. Bc4+ Kh8 1-0

[Event "IECC M-4860"]
[Site "IECC email"]
[Date "2003.10.29"]
[Round "?"]
[White "Smyth, Mark"]
[Black "Pizzoni, Richard"]
[Result "0-1"]
[WhiteElo "1291"]
[BlackElo "1297"]
[PlyCount "102"]
[EventDate "2003.??.??"]
[EventType "tourn (corr)"]
[EventRounds "10"]
[SourceTitle "Corr 2020"]
[Source "ChessBase"]
[SourceDate "2019.09.30"]
[SourceVersion "1"]
[SourceVersionDate "2019.09.30"]
[SourceQuality "1"]
[WhiteTeam "England"]
[BlackTeam "United States"]
[WhiteTeamCountry "ENG"]
[BlackTeamCountry "USA"]

1. c4 c5 2. Nc3 Nf6 3. Nf3 e6 4. g3 b6 5. Bg2 Bb7 6. 0-0 Be7 7. Ng5 d5 8. d3 0-0 9. Qc2 h6 10. Nh3 Nc6 11. Nf4 e5 12. Nfxd5 Rb8 13. e4 Nxd5 14. exd5 Nd4 15. Qd1 Bd6 16. Be3 f6 17. b3 a6 18. Qg4 f5 19. Qd1 Bc8 20. Ne2 Nxe2+ 21. Qxe2 f4 22. Bd2 f3 23. Bxf3 Rb7 24. Bc3 Rbf7 25. Bg2 Bd7 26. Bxe5 Re7 27. f4 Qb8 28. Qf2 Bxe5 29. Rae1 Bd4 30. Rxe7 Bxf2+ 31. Rxf2 Qd8 32. d6 Be8 33. Re6 Bf7 34. Re5 Qxd6 35. Rd2 Re8 36. Rxe8+ Bxe8 37. Re2 Bg6 38. Bd5+ Kh7 39. Re6 Qd8 40. g4 Bxd3 41. f5 Qh4 42. Bf3 Qh3 43. Bg2 Qxg4 44. Rxb6 Qd1+ 45. Kf2 Qe2+ 46. Kg3 Qxa2 47. f6 gxf6 48. Rxf6 Qxb3 49. Rxa6 Bxc4+ 50. Kf2 Bxa6 51. Kg1 Qe3+ 0-1

[Event "IECC M email"]
[Site "IECC email"]
[Date "2003.08.19"]
[Round "?"]
[White "Paas, Christian"]
[Black "Pizzoni, Richard"]
[Result "1-0"]
[WhiteElo "1243"]
[BlackElo "1322"]
[PlyCount "27"]
[EventDate "2003.??.??"]
[EventType "tourn (corr)"]
[EventRounds "6"]
[SourceTitle "Corr 2008"]
[Source "ChessBase"]
[SourceDate "2008.06.24"]
[SourceVersion "1"]
[SourceVersionDate "2008.06.24"]
[SourceQuality "1"]

1. d4 Nf6 2. Nc3 c5 3. d5 g6 4. e4 d6 5. Bg5 Bg7 6. Nf3 0-0 7. g3 Re8 8. Bg2 e6 9. 0-0 b6 10. e5 exd5 11. exf6 Bxf6 12. Bxf6 Qxf6 13. Nxd5 Qxb2 14. Nc7 1-0

[Event "IECC M email"]
[Site "IECC email"]
[Date "2003.08.19"]
[Round "?"]
[White "Pizzoni, Richard"]
[Black "Paas, Christian"]
[Result "0-1"]
[WhiteElo "1303"]
[BlackElo "1306"]
[PlyCount "80"]
[EventDate "2003.??.??"]
[EventType "tourn (corr)"]
[EventRounds "6"]
[SourceTitle "Corr 2008"]
[Source "ChessBase"]
[SourceDate "2008.06.24"]
[SourceVersion "1"]
[SourceVersionDate "2008.06.24"]
[SourceQuality "1"]

1. c4 Nf6 2. Nf3 Nc6 3. Nc3 e5 4. e4 Bb4 5. d3 d6 6. g3 Bg4 7. Bg2 Qd7 8. h3 Bh5 9. Bd2 0-0-0 10. Qc2 Bxf3 11. Bxf3 Nd4 12. Qd1 h6 13. a3 Bxc3 14. Bxc3 h5 15. Bxd4 exd4 16. Qb3 c6 17. 0-0-0 h4 18. g4 g5 19. Kb1 Ne8 20. Rhe1 f6 21. Rc1 c5 22. e5 dxe5 23. Be4 Nd6 24. Bd5 Kb8 25. Qa2 Qa4 26. b3 Qa5 27. Re2 Nc8 28. Rb2 Ne7 29. Be4 Rc8 30. Ka1 Nc6 31. Bxc6 Rxc6 32. a4 Rf8 33. Rbb1 Qb4 34. Rd1 f5 35. Qe2 Qa3+ 36. Qa2 Qxa2+ 37. Kxa2 fxg4 38. Rd2 gxh3 39. Rh1 g4 40. Rh2 Rg6 0-1

[Event "IECC M email"]
[Site "IECC email"]
[Date "2003.07.07"]
[Round "?"]
[White "Pizzoni, Richard"]
[Black "Jonsson, Gudbrandur"]
[Result "0-1"]
[WhiteElo "1336"]
[BlackElo "1545"]
[PlyCount "40"]
[EventDate "2003.??.??"]
[EventType "tourn (corr)"]
[EventRounds "6"]
[SourceTitle "Corr 2008"]
[Source "ChessBase"]
[SourceDate "2008.06.24"]
[SourceVersion "1"]
[SourceVersionDate "2008.06.24"]
[SourceQuality "1"]

1. e4 d5 2. exd5 Nf6 3. d4 Nxd5 4. Nf3 e6 5. c4 Nb4 6. a3 N4c6 7. Nc3 Be7 8. Be3 0-0 9. Bd3 f5 10. 0-0 Bf6 11. d5 Bxc3 12. bxc3 exd5 13. c5 f4 14. Bd4 Bg4 15. Be2 Nxd4 16. cxd4 Nc6 17. Re1 Re8 18. Ne5 Bxe2 19. Nxc6 Bxd1 20. Nxd8 Rxe1# 0-1